000 00506nam a2200181Ia 4500
005 20250508151942.0
008 008 250505s9999 xx 000 0 eng d
037 _aTextual
040 _aFEDL
_beng
_cFEDL
041 _aeng
_2eng
084 _a379.173, HIL
_qFEDL
100 _aMilton Ernest
_9760453
245 0 _aRural school management
260 _aNew Delhi, India
_bAmerican Book Company
_c1949
300 _ax,278p.
942 _cTEXL
_h379.173, HIL
999 _c1333180
_d1333180